[Event "Moana Pozzi memorial"]
[Site "SchemingMind.com"]
[Date "2017.01.12"]
[Round "-"]
[White "Scooter"]
[Black "Clive Everill"]
[Result "0-1"]
[WhiteCountry "USA"]
[BlackCountry "CZE"]
[WhiteElo "1715"]
[WhiteRD "56"]
[BlackElo "1730"]
[BlackRD "56"]
[GameID "409176"]

1. d4 f5 2. Nf3 Nf6 3. Bf4 g6 4. e3 Bg7 5. Be2 d6 6. O-O O-O 7. Nbd2 Nc6 8. a3 Re8 9. c4 e5 10. dxe5 dxe5
11. Bg5 Qd6 12. Bxf6 Bxf6 13. Rb1 e4 14. Ne1 Be6 15. Nc2 Na5 16. b4 Nc6 17. c5 Qd8 18. Bc4 Qe7 19. Qe2 Ne5 20. Bxe6+ Qxe6
21. Nd4 Qf7 22. Nb5 a6 23. Nd4 Nd3 24. N2b3 b6 25. cxb6 cxb6 26. Nc1 Ne5 27. Qa2 Qxa2 28. Nxa2 Nc4 29. Nb3 Nxa3 30. Rbc1 Re6
31. Rfd1 Ra7 32. Nd4 Rd6 33. Rc6 Rxc6 34. Nxc6 Rc7 35. Nb8 a5 36. bxa5 bxa5 37. g3 Rc2 38. Ra1 Bxa1
0-1

[Event "Moana Pozzi memorial"]
[Site "SchemingMind.com"]
[Date "2017.01.12"]
[Round "-"]
[White "Clive Everill"]
[Black "Transcendent"]
[Result "1-0"]
[WhiteCountry "CZE"]
[BlackCountry "ENG"]
[WhiteElo "1765"]
[WhiteRD "55"]
[BlackElo "1688"]
[BlackRD "62"]
[GameID "409177"]

1. e4 e6 2. d4 d5 3. e5 c5 4. Qg4 Nc6 5. Nf3 cxd4 6. Bd3 Qb6 7. O-O Nge7 8. c3 dxc3 9. Nxc3 Ng6 10. Na4 Qc7
11. Bd2 Ngxe5 12. Nxe5 Nxe5 13. Bb5+ Bd7 14. Bxd7+ Qxd7 15. Qd4 Bd6 16. f4
1-0

[Event "Moana Pozzi memorial"]
[Site "SchemingMind.com"]
[Date "2017.01.12"]
[Round "-"]
[White "Transcendent"]
[Black "Clive Everill"]
[Result "1-0"]
[WhiteCountry "ENG"]
[BlackCountry "CZE"]
[WhiteElo "1688"]
[WhiteRD "62"]
[BlackElo "1765"]
[BlackRD "55"]
[GameID "409178"]

1. Nf3 d5 2. d4 c6 3. c4 dxc4 4. Qc2 b5 5. a4 e6 6. axb5 cxb5 7. b3 Bb4+ 8. Bd2 Bxd2+ 9. Nbxd2 cxb3 10. Qxb3 a6
11. e4 Ne7 12. Bxb5+ Bd7 13. Bxd7+ Nxd7 14. O-O O-O 15. Ra2 Qc7 16. Rfa1 Nb8 17. Rc2 Qf4 18. Qb7 Nbc6 19. Rxc6 Nxc6 20. Qxc6 Rfc8
21. Rxa6 Rab8 22. Qd6 Qg4 23. h3 Qh5 24. d5 exd5 25. Qxd5 Rc1+ 26. Kh2 g6 27. Qxh5 gxh5 28. e5 Rb7 29. Ne4 Kg7 30. Nh4 Re1
31. Nf5+
1-0

[Event "Moana Pozzi memorial"]
[Site "SchemingMind.com"]
[Date "2017.01.12"]
[Round "-"]
[White "Clive Everill"]
[Black "kenneth m day"]
[Result "1-0"]
[WhiteCountry "CZE"]
[BlackCountry "USA"]
[WhiteElo "1730"]
[WhiteRD "56"]
[BlackElo "1698"]
[BlackRD "55"]
[GameID "409179"]

1. Nf3 d5 2. c4 c6 3. e3 Nf6 4. Nc3 Bg4 5. cxd5 cxd5 6. Qb3 Qd7 7. Bb5 Nc6 8. Ne5 Qd6 9. Nxg4 e6 10. Nxf6+ gxf6
11. d4 O-O-O 12. Bd2 Rg8 13. O-O Qc7 14. Rac1 a6 15. Bd3 Bd6 16. g3 h5 17. f4 h4 18. Be1 hxg3 19. hxg3 Qd7 20. Na4 Bc7
21. Nc5 Na5 22. Bxa5 Bxa5 23. Nxd7+
1-0

[Event "Moana Pozzi memorial"]
[Site "SchemingMind.com"]
[Date "2017.01.12"]
[Round "-"]
[White "kenneth m day"]
[Black "Clive Everill"]
[Result "1/2-1/2"]
[WhiteCountry "USA"]
[BlackCountry "CZE"]
[WhiteElo "1686"]
[WhiteRD "57"]
[BlackElo "1765"]
[BlackRD "55"]
[GameID "409180"]

1. e4 d6 2. d4 Nf6 3. Nc3 c6 4. Nf3 Bg4 5. Be2 e6 6. h3 Bh5 7. Bg5 Be7 8. Qd2 d5 9. exd5 cxd5 10. g4 Bg6
11. Ne5 Nbd7 12. Nxg6 hxg6 13. O-O-O Nh7 14. Bf4 Bh4 15. f3 g5 16. Bd6 Nb8 17. Nb5 Na6 18. Qe3 Nf8 19. Qa3 Nd7 20. Nc3 Nb6
21. Bxa6 bxa6 22. Be5 f6 23. Bh2 Nc4 24. Qxa6 Qd7 25. b3 Ne3 26. Rd3 Ng2 27. Nb5 O-O 28. Rg1 Nf4 29. Bxf4 gxf4 30. Rc3 Rfc8
31. Rc5 Bf2 32. Rg2 Be3+ 33. Kb1 Rxc5 34. dxc5 Bxc5 35. h4 Rb8 36. Nc3 Rb6 37. Qd3 Rd6 38. Qg6 Ba3 39. Qd3 e5 40. Nb5 Ra6
41. Nxa3 Rxa3 42. Kb2 Qd6 43. Qb5 Ra6 44. Qe8+ Qf8 45. Qxf8+ Kxf8 46. Rd2 d4 47. c3 dxc3+ 48. Kxc3 Rc6+ 49. Kb2 Ke7 50. b4 a6
51. a4 Rb6 52. Kb3 Rc6 53. Rc2 Rd6 54. Rc7+ Kf8 55. b5 Rb6 56. Kb4 axb5 57. axb5 Rd6 58. Rc4 Rd3 59. Rc3 Rd4+ 60. Rc4 Rd3
61. Rc3=
1/2-1/2

[Event "Moana Pozzi memorial"]
[Site "SchemingMind.com"]
[Date "2017.01.12"]
[Round "-"]
[White "Clive Everill"]
[Black "ray winteringham"]
[Result "1-0"]
[WhiteCountry "CZE"]
[BlackCountry "ENG"]
[WhiteElo "1701"]
[WhiteRD "55"]
[BlackElo "1495"]
[BlackRD "52"]
[GameID "409181"]

1. e4 c5 2. Nf3 Nc6 3. Bb5 g6 4. c3 Bg7 5. d4 cxd4 6. cxd4 Nf6 7. Nc3 e6 8. Bg5 a6 9. Ba4 e5 10. dxe5 Nxe5
11. Nxe5 Qa5 12. Qd6
1-0

[Event "Moana Pozzi memorial"]
[Site "SchemingMind.com"]
[Date "2017.01.13"]
[Round "-"]
[White "Clive Everill"]
[Black "Simon Green"]
[Result "1-0"]
[WhiteCountry "CZE"]
[BlackCountry "ENG"]
[WhiteElo "1730"]
[WhiteRD "56"]
[BlackElo "1641"]
[BlackRD "60"]
[GameID "409183"]

1. Nf3 e6 2. c4 d5 3. d4 Nf6 4. g3 Bb4+ 5. Nbd2 O-O 6. Bg2 c6 7. O-O Bxd2 8. Nxd2 Nbd7 9. Re1 b6 10. e4 Ba6
11. e5 Ne8 12. b3 f5 13. cxd5 cxd5 14. Ba3 Rf7 15. Nf3 Rc8 16. h4 Nc7 17. Ng5 Nb5 18. Nxf7 Kxf7 19. Qh5+ Kg8 20. Bb2 Rc2
21. Rab1 Rd2 22. Red1 Rxd1+ 23. Rxd1 Nc7 24. Rc1 Ne8 25. Rc6 g6 26. Qh6 Bb5 27. Rxe6 Nf8 28. Rf6 Nxf6 29. exf6 Qxf6 30. Bxd5+ Kh8
31. Ba3
1-0

[Event "Moana Pozzi memorial"]
[Site "SchemingMind.com"]
[Date "2017.01.14"]
[Round "-"]
[White "Simon Green"]
[Black "Clive Everill"]
[Result "0-1"]
[WhiteCountry "ENG"]
[BlackCountry "CZE"]
[WhiteElo "1641"]
[WhiteRD "60"]
[BlackElo "1730"]
[BlackRD "56"]
[GameID "409184"]

1. d4 f5 2. f4 Nf6 3. e3 b6 4. Bd3 e6 5. Nf3 Bb7 6. Nbd2 Be7 7. O-O O-O 8. c3 Qe8 9. Qe1 d6 10. b3 Nbd7
11. Bb2 Ne4 12. Bxe4 fxe4 13. Nh4 Qh5 14. g3 Qg4 15. Ng2 d5 16. Qf2 c5 17. Rfc1 Rac8 18. dxc5 Nxc5 19. Rd1 Nd3 20. Qf1 Nxb2
21. Rdb1 Ba3 22. Qf2 Nd3 23. Qf1 Bb2
0-1

[Event "Moana Pozzi memorial"]
[Site "SchemingMind.com"]
[Date "2017.01.12"]
[Round "-"]
[White "Clive Everill"]
[Black "dixan"]
[Result "1-0"]
[WhiteCountry "CZE"]
[BlackCountry "ITA"]
[WhiteElo "1765"]
[WhiteRD "55"]
[BlackElo "1500"]
[BlackRD "80"]
[GameID "409185"]

1. e4 d5 2. exd5 Nf6 3. d4 Nxd5 4. c4 Nf6 5. Nc3 Bf5 6. Nf3 e6 7. Bd3 Bxd3 8. Qxd3 Bb4 9. O-O Nbd7 10. Rd1 O-O
11. Ne2 c5 12. a3 Ba5 13. Bf4 Bc7 14. Bg5 Qb8 15. g3 Bb6 16. Bf4 Bc7 17. Bg5 h6 18. Bd2 Qe8 19. b4 cxd4 20. Nexd4 Rd8
21. Qe2 a6 22. b5 a5 23. Qe1 Nc5 24. Bxa5
1-0

[Event "Moana Pozzi memorial"]
[Site "SchemingMind.com"]
[Date "2017.01.12"]
[Round "-"]
[White "dixan"]
[Black "Clive Everill"]
[Result "0-1"]
[WhiteCountry "ITA"]
[BlackCountry "CZE"]
[WhiteElo "1500"]
[WhiteRD "80"]
[BlackElo "1765"]
[BlackRD "55"]
[GameID "409186"]

1. e4 d6 2. d4 Nf6 3. Nc3 e5 4. dxe5 dxe5 5. Qxd8+ Kxd8 6. Bg5 Be6 7. O-O-O+ Nd7 8. Bxf6+ gxf6 9. Bb5 c6 10. Be2 Bh6+
11. Kb1 Kc7 12. h3 Nc5 13. Bf3 Rhd8 14. Nge2 Rd7 15. Rxd7+ Nxd7 16. Bg4 Nc5 17. Bxe6 fxe6 18. Ng3 Rg8 19. Rg1 Bd2 20. Nge2 f5
21. Ng3 f4 22. Nge2 b5 23. a3 a5 24. g4 fxg3
0-1

[Event "Moana Pozzi memorial"]
[Site "SchemingMind.com"]
[Date "2017.01.16"]
[Round "-"]
[White "Clive Everill"]
[Black "Holty"]
[Result "0-1"]
[WhiteCountry "CZE"]
[BlackCountry "ENG"]
[WhiteElo "1701"]
[WhiteRD "55"]
[BlackElo "1825"]
[BlackRD "61"]
[GameID "409187"]

1. Nf3 e6 2. c4 Nf6 3. Nc3 Bb4 4. g4 O-O 5. g5 Ne8 6. Qc2 b6 7. a3 Bxc3 8. Qxc3 Bb7 9. d4 Nd6 10. h4 c5
11. dxc5 bxc5 12. Bg2 Ne4 13. Qe3 d5 14. cxd5 exd5 15. Nd2 d4 16. Qb3 Bd5 17. Qc2 Nxd2 18. f3 Nb3 19. O-O Nxa1 20. Qxc5 Nb3
21. Qc2 Nc6 22. Rd1 Nxc1 23. Rxc1 Rc8 24. Qd3 Qe7 25. Re1 Qe3+ 26. Qxe3 dxe3
0-1

[Event "Moana Pozzi memorial"]
[Site "SchemingMind.com"]
[Date "2017.01.12"]
[Round "-"]
[White "Holty"]
[Black "Clive Everill"]
[Result "1-0"]
[WhiteCountry "ENG"]
[BlackCountry "CZE"]
[WhiteElo "1825"]
[WhiteRD "61"]
[BlackElo "1701"]
[BlackRD "55"]
[GameID "409188"]

1. d4 d5 2. Nf3 Nf6 3. e3 Bf5 4. c4 c6 5. Nc3 e6 6. Nh4 Be4 7. f3 Bg6 8. Nxg6 hxg6 9. Qb3 Qb6 10. Bd2 Nbd7
11. c5 Qc7 12. g3 b5 13. a3 Be7 14. Qc2 e5 15. b4 exd4 16. exd4 Nh5 17. Ne2 O-O-O 18. a4 a6 19. axb5 axb5 20. g4 Nhf6
21. Bf4 Qb7 22. Qa2 Nb8 23. h4 Rhe8 24. g5 Nh5 25. Bh3+ Rd7 26. Bxd7+ Qxd7 27. Bxb8 Kxb8 28. Qa8+
1-0

[Event "Moana Pozzi memorial"]
[Site "SchemingMind.com"]
[Date "2017.01.11"]
[Round "-"]
[White "Scooter"]
[Black "Holty"]
[Result "0-1"]
[WhiteCountry "USA"]
[BlackCountry "ENG"]
[WhiteElo "1717"]
[WhiteRD "54"]
[BlackElo "1825"]
[BlackRD "61"]
[GameID "409189"]

1. d4 e6 2. Nf3 d5 3. Bf4 f5 4. e3 Nf6 5. Be2 Be7 6. O-O O-O 7. Nbd2 Ne4 8. h3 Nd7 9. c4 c6 10. cxd5 exd5
11. Rc1 Ndf6 12. a3 Qe8 13. Bd3 Be6 14. Ne5 a5 15. Qe2 a4 16. f3 Nd6 17. b4 axb3 18. Nxb3 Nd7 19. Nxd7 Bxd7 20. Nc5 b6
21. Na6 Qc8 22. Nb4 Qe8 23. Nxc6 Bxc6 24. Rxc6 Qxc6
0-1

[Event "Moana Pozzi memorial"]
[Site "SchemingMind.com"]
[Date "2017.01.11"]
[Round "-"]
[White "Holty"]
[Black "Scooter"]
[Result "1-0"]
[WhiteCountry "ENG"]
[BlackCountry "USA"]
[WhiteElo "1825"]
[WhiteRD "61"]
[BlackElo "1717"]
[BlackRD "54"]
[GameID "409190"]

1. d4 Nf6 2. Nf3 g6 3. c4 Bg7 4. Nc3 O-O 5. Bg5 d6 6. e3 Bg4 7. Be2 Nbd7 8. O-O a6 9. Qc2 c6 10. Rfd1 Qc7
11. h3 Bxf3 12. Bxf3 Rfe8 13. Bxf6 Nxf6 14. Rac1 e5 15. d5 cxd5 16. cxd5 Rac8 17. Qb1 Qd7 18. b3 Rc7 19. Na4 Rxc1 20. Rxc1 b5
21. Nb6 Qa7 22. Nc8 Qd7 23. Qc2 e4 24. Bg4 Nxg4 25. hxg4 Bf8 26. Qc6 Rd8 27. Qxa6 Qxg4 28. Qa5 Rxc8 29. Rxc8 Qxc8 30. Qxb5 Bg7
31. a4 Be5 32. g3 Qc1+ 33. Kg2 Qd1 34. a5 Qf3+ 35. Kg1 Bc3 36. a6 Qd1+ 37. Kg2 Qf3+ 38. Kg1 Qd1+ 39. Kg2 Qa1 40. Qb8+ Kg7
41. a7
1-0

[Event "Moana Pozzi memorial"]
[Site "SchemingMind.com"]
[Date "2017.01.16"]
[Round "-"]
[White "Transcendent"]
[Black "Holty"]
[Result "1-0"]
[WhiteCountry "ENG"]
[BlackCountry "ENG"]
[WhiteElo "1719"]
[WhiteRD "63"]
[BlackElo "1698"]
[BlackRD "61"]
[GameID "409191"]

1. e4 e6 2. d4 d5 3. Nc3 dxe4 4. Nxe4 Nf6 5. Bd3 Nxe4 6. Bxe4 f5 7. Bd3 c5 8. Be3 cxd4 9. Bxd4 Nc6 10. Bc3 Bb4
11. Bxb4 Nxb4 12. Bb5+ Bd7 13. Bxd7+ Qxd7 14. Qxd7+ Kxd7 15. O-O-O+ Ke7 16. a3 Nc6 17. Nf3 h6 18. Rd2 g5 19. Rhd1 Rad8 20. b4 Rxd2
21. Rxd2 Rd8 22. c4 Rxd2 23. Kxd2 e5 24. Kc3 e4 25. Nd4 Nxd4 26. Kxd4 Kd6 27. a4 a6 28. a5 Kc6 29. Ke5 f4 30. Kxe4 b6
31. axb6 Kxb6 32. Kd5 Kc7 33. Kc5 h5 34. h3 g4 35. hxg4 hxg4 36. Kd5 Kd7 37. Ke5 f3 38. gxf3 gxf3 39. Kd5 Kc7 40. Kc5 Kb7
41. Kd6
1-0

[Event "Moana Pozzi memorial"]
[Site "SchemingMind.com"]
[Date "2017.01.11"]
[Round "-"]
[White "Holty"]
[Black "Transcendent"]
[Result "0-1"]
[WhiteCountry "ENG"]
[BlackCountry "ENG"]
[WhiteElo "1740"]
[WhiteRD "62"]
[BlackElo "1688"]
[BlackRD "62"]
[GameID "409192"]

1. d4 d5 2. Nf3 Nf6 3. e3 c5 4. c4 cxd4 5. exd4 Nc6 6. Nc3 e6 7. a3 Be7 8. b4 a6 9. Bf4 O-O 10. c5 b6
11. Be2 bxc5 12. dxc5 Bb7 13. O-O Nh5 14. Be3 Nf6 15. Bd3 e5 16. Qc2 e4 17. Nxe4 dxe4 18. Bxe4 Nxe4 19. Qxe4 Bf6 20. Rad1 Qc8
21. Qc2 Rd8 22. Rxd8+ Qxd8 23. Rd1 Qe7 24. Re1 Re8 25. Kf1 Ne5 26. Nxe5 Bxe5 27. f4 Bxf4 28. Bf2 Qd7 29. Rd1 Qg4 30. Bg1 Bxg2+
31. Qxg2 Qxd1+ 32. Kf2 Qe2#
0-1

[Event "Moana Pozzi memorial"]
[Site "SchemingMind.com"]
[Date "2017.01.11"]
[Round "-"]
[White "kenneth m day"]
[Black "Holty"]
[Result "1/2-1/2"]
[WhiteCountry "USA"]
[BlackCountry "ENG"]
[WhiteElo "1686"]
[WhiteRD "57"]
[BlackElo "1740"]
[BlackRD "62"]
[GameID "409193"]

1. e4 e6 2. d4 d5 3. Nd2 dxe4 4. Nxe4 Bd7 5. Nf3 Bc6 6. Bd3 Nd7 7. O-O Ngf6 8. Bg5 h6 9. Bxf6 Nxf6 10. Nxf6+ Qxf6
11. c3 Bxf3 12. Qxf3 Qxf3 13. gxf3 Bd6 14. Rae1 O-O-O 15. Kh1 Rde8 16. Rg1 g5 17. Rg4 Bf4 18. Rgg1 h5 19. Re4 f5 20. Re2 c6
21. Bc4 Kd7 22. Rge1 Rh6 23. d5 cxd5 24. Bxd5 b6 25. Bb3 g4 26. fxg4 hxg4 27. Ba4+ Ke7 28. Bxe8 Bxh2 29. Kg2 Bd6 30. Bb5 f4
31. Bc6 Rf6 32. Re4 f3+ 33. Kg1 Rg6 34. Rd1 g3 35. fxg3 Rxg3+ 36. Kf2 Rh3 37. Bd5 Bc5+ 38. Ke1 Rh6 39. Rf4 f2+ 40. Ke2 exd5
41. Rxf2 Bxf2 42. Kxf2=
1/2-1/2

[Event "Moana Pozzi memorial"]
[Site "SchemingMind.com"]
[Date "2017.01.11"]
[Round "-"]
[White "Holty"]
[Black "kenneth m day"]
[Result "1-0"]
[WhiteCountry "ENG"]
[BlackCountry "USA"]
[WhiteElo "1698"]
[WhiteRD "61"]
[BlackElo "1678"]
[BlackRD "55"]
[GameID "409194"]

1. d4 Nf6 2. Nf3 d6 3. c4 g6 4. Nc3 Bg7 5. Bg5 O-O 6. e3 Nbd7 7. Be2 b6 8. Qc2 h6 9. Bh4 Bb7 10. O-O c5
11. d5 e6 12. e4 exd5 13. exd5 Re8 14. Rfe1 Bc8 15. h3 Ne5 16. Rad1 Bf5 17. Qc1 Nxc4 18. Bxc4 Qd7 19. Bb5 Rxe1+ 20. Rxe1 Qc7
21. Bc6 Rd8 22. Bxf6 Bxf6 23. Qxh6 Bg7 24. Qh4 f6 25. Ne4 Kf7 26. g4 Bd7 27. Bxd7 Qxd7 28. Nc3 Rh8 29. Qg3 Rf8 30. Nd2 a6
31. Nce4 Rd8 32. Nc4 Bf8 33. Nxb6 Qb5 34. Qb3 Qa5 35. Kf1 Rb8 36. Nc4 Rxb3 37. Nxa5 Rxb2 38. Nc4 Rxa2 39. Rd1 Ra4 40. Nexd6+ Kg7
41. Rc1 a5 42. Nb7 Kf7 43. Ncxa5 Ra3 44. d6 Ke6 45. Rd1 Kd7 46. Nxc5+ Kd8 47. Nab7+
1-0

[Event "Moana Pozzi memorial"]
[Site "SchemingMind.com"]
[Date "2017.01.11"]
[Round "-"]
[White "Holty"]
[Black "ray winteringham"]
[Result "1-0"]
[WhiteCountry "ENG"]
[BlackCountry "ENG"]
[WhiteElo "1825"]
[WhiteRD "61"]
[BlackElo "1495"]
[BlackRD "52"]
[GameID "409195"]

1. d4 d5 2. Nf3 c5 3. c4 e6 4. cxd5 exd5 5. Nc3 Nf6 6. Bg5 Be7 7. dxc5 Nc6 8. e3 h6 9. Bxf6 Bxf6 10. Rc1 Be6
11. Be2 O-O 12. O-O Qa5 13. a3 Qd8 14. b4 a5 15. b5 Ne5 16. Nxe5 Bxe5 17. f4 Bf6 18. f5 Bd7 19. Qxd5 Qe7 20. e4 Rab8
21. Qc4 Be5 22. Rf3 Rbc8 23. Nd5 Qh4 24. Rh3 Qg5 25. Rh5 Qd8 26. a4 Bd6 27. Qd4 f6 28. Qe3 Be8 29. cxd6 Bxh5 30. Rxc8 Qxc8
31. Ne7+
1-0

[Event "Moana Pozzi memorial"]
[Site "SchemingMind.com"]
[Date "2017.01.11"]
[Round "-"]
[White "ray winteringham"]
[Black "Holty"]
[Result "0-1"]
[WhiteCountry "ENG"]
[BlackCountry "ENG"]
[WhiteElo "1495"]
[WhiteRD "52"]
[BlackElo "1825"]
[BlackRD "61"]
[GameID "409196"]

1. e4 e6 2. d4 d5 3. Nc3 dxe4 4. Nxe4 Bd7 5. Be2 Bc6 6. Bf3 Be7 7. Ne2 Nf6 8. Qd3 Bxe4 9. Bxe4 Nxe4 10. Qxe4 c6
11. c3 Nd7 12. Be3 Nf6 13. Qd3 Nd5 14. O-O O-O 15. g3 Nf6 16. a3 Qc7 17. b4 Rfd8 18. Qc2 Nd5 19. c4 Nxe3 20. fxe3 Bg5
21. Qc3 a5 22. c5 e5 23. Rf5 axb4 24. Qxb4 Bxe3+ 25. Kh1 exd4 26. Rg1 Bxg1 27. Kxg1 d3 28. Nd4 Qa5 29. Qxb7 Qe1+ 30. Rf1 Qe3+
31. Kh1 Qxd4 32. Rxf7 Qd5+ 33. Kg1 Qxf7
0-1

[Event "Moana Pozzi memorial"]
[Site "SchemingMind.com"]
[Date "2017.01.13"]
[Round "-"]
[White "Holty"]
[Black "Simon Green"]
[Result "1-0"]
[WhiteCountry "ENG"]
[BlackCountry "ENG"]
[WhiteElo "1825"]
[WhiteRD "61"]
[BlackElo "1639"]
[BlackRD "63"]
[GameID "409197"]

1. d4 e6 2. Nf3 d5 3. e3 Nf6 4. Bd3 c5 5. b3 Nc6 6. Bb2 cxd4 7. exd4 g6 8. O-O Bg7 9. Ne5 O-O 10. Nd2 Nxe5
11. dxe5 Nd7 12. Re1 Qg5 13. Nf3 Qf4 14. Bc1 Nxe5 15. Bxf4 Nxf3+ 16. Qxf3 Bd7 17. Rac1 Bc3 18. Red1 f5 19. Bb5
1-0

[Event "Moana Pozzi memorial"]
[Site "SchemingMind.com"]
[Date "2017.01.16"]
[Round "-"]
[White "Simon Green"]
[Black "Holty"]
[Result "0-1"]
[WhiteCountry "ENG"]
[BlackCountry "ENG"]
[WhiteElo "1641"]
[WhiteRD "60"]
[BlackElo "1791"]
[BlackRD "64"]
[GameID "409198"]

1. d4 e6 2. e3 f5 3. f4 Nf6 4. Bd3 b6 5. Nf3 Bb7 6. O-O Be7 7. Nbd2 O-O 8. c3 c5 9. Qe1 Ne4 10. Bxe4 fxe4
11. Ne5 d6 12. Ng4 h5 13. Nf2 d5 14. a3 Ba6 15. dxc5 Bxf1 16. Nxf1 bxc5 17. Bd2 Nc6 18. Qe2 Qe8 19. Ng3 g6 20. c4 a5
21. Nh3 Rb8 22. cxd5 exd5 23. Bc3 h4 24. Nf1 d4 25. exd4 cxd4 26. Qc4+ Kg7 27. Bxd4+ Nxd4 28. Qxd4+ Bf6 29. Qd1 Rxb2 30. Rb1 Rxb1
31. Qxb1 Bd4+ 32. Nf2 e3 33. Qb7+ Rf7
0-1

[Event "Moana Pozzi memorial"]
[Site "SchemingMind.com"]
[Date "2017.01.11"]
[Round "-"]
[White "Holty"]
[Black "dixan"]
[Result "1-0"]
[WhiteCountry "ENG"]
[BlackCountry "ITA"]
[WhiteElo "1740"]
[WhiteRD "62"]
[BlackElo "1500"]
[BlackRD "80"]
[GameID "409199"]

1. d4 d5 2. Nf3 Nf6 3. e3 Bf5 4. c4 c6 5. Nc3 e6 6. Nh4 Ne4 7. Nxf5 Nxc3 8. Nxg7+ Bxg7 9. bxc3 Nd7 10. cxd5 cxd5
11. Bd3 Qc7 12. Qc2 Nf6 13. h3 Rc8 14. Bb2 Qc6 15. O-O h5 16. a4 Qc7 17. Bb5+ Nd7 18. Rfc1 a6 19. Be2 Nb6 20. Ba3 Nc4
21. Bxc4 Qxc4 22. Rab1 b5 23. axb5 axb5 24. Bc5 Ra8 25. Rb4 Qa2 26. Qxa2 Rxa2 27. Rxb5 Kd7 28. Rb7+
1-0

[Event "Moana Pozzi memorial"]
[Site "SchemingMind.com"]
[Date "2017.01.11"]
[Round "-"]
[White "dixan"]
[Black "Holty"]
[Result "0-1"]
[WhiteCountry "ITA"]
[BlackCountry "ENG"]
[WhiteElo "1884"]
[WhiteRD "106"]
[BlackElo "1825"]
[BlackRD "61"]
[GameID "409200"]

1. e4 e6 2. d4 d5 3. exd5 exd5 4. Nf3 Bd6 5. Bd3 Ne7 6. Bg5 f6 7. Be3 O-O 8. Nh4 Nbc6 9. c3 g5 10. Nf3 Nf5
11. O-O Nxe3 12. fxe3 Qe8 13. Re1 Qh5 14. h3 Kh8 15. Nh2 Qh4 16. Be2 Bxh2+ 17. Kxh2 g4 18. Bxg4 Bxg4
0-1

[Event "Moana Pozzi memorial"]
[Site "SchemingMind.com"]
[Date "2017.01.13"]
[Round "-"]
[White "Kenny Elliott"]
[Black "Clive Everill"]
[Result "0-1"]
[WhiteCountry "USA"]
[BlackCountry "CZE"]
[WhiteElo "1561"]
[WhiteRD "74"]
[BlackElo "1730"]
[BlackRD "56"]
[GameID "409211"]

1. d4 d5 2. c4 e5 3. c5 e4 4. e3 Nf6 5. Nc3 c6 6. Qb3 Qc7 7. Be2 Bg4 8. Bxg4 Nxg4 9. g3 Be7 10. Nge2 O-O
11. Bd2 Nd7 12. Nf4 b6 13. O-O bxc5 14. Ncxd5 cxd5 15. Nxd5 Qd6 16. Nxe7+ Qxe7 17. dxc5 Rab8 18. Qa3 Rfc8 19. Bb4 Nxc5 20. Rac1 Rb5
21. Qc3 Qc7 22. a4 Rxb4 23. Rc2 Rxa4 24. Rfc1 Qb6 25. Rb1 Ra5 26. b4 Rb5 27. Rcb2 Qh6 28. bxc5 Qxh2+ 29. Kf1 Qh1+ 30. Ke2 Qf3+
31. Kf1 Rxb2 32. Qxb2 Nxe3+ 33. Ke1 Ng2+ 34. Kf1 h6 35. Qd4 e3 36. Rb3 Qxf2#
0-1

[Event "Moana Pozzi memorial"]
[Site "SchemingMind.com"]
[Date "2017.01.12"]
[Round "-"]
[White "Clive Everill"]
[Black "Kenny Elliott"]
[Result "1-0"]
[WhiteCountry "CZE"]
[BlackCountry "USA"]
[WhiteElo "1730"]
[WhiteRD "56"]
[BlackElo "1561"]
[BlackRD "74"]
[GameID "409212"]

1. e4 c5 2. Nc3 d6 3. f4 Nc6 4. Nf3 Bg4 5. Bb5 Qc7 6. O-O O-O-O 7. Nd5 Qa5 8. a4 e6 9. Ne3 Bxf3 10. Rxf3 Nge7
11. c3 a6 12. Bd3 g6 13. Ng4 Bg7 14. Bc2 c4 15. Rb1 Qc5+ 16. Kh1 Qh5 17. Rh3 Qc5 18. b4 Qb6 19. d4 cxd3 20. Qxd3 d5
21. e5 h5 22. Nf6 Nf5 23. b5 axb5 24. Rxb5 Qf2 25. Rf3 Qe1+ 26. Rf1 Qh4 27. g3 Qh3 28. Ba3 h4 29. g4 Qxd3 30. Bxd3 Ng3+
31. hxg3 hxg3+ 32. Kg2 Rh2+ 33. Kf3 g2 34. Rg1 Rh3+ 35. Ke2 Rg3 36. g5 Rh8 37. Bc5 Rhh3 38. Ne8 Bxe5 39. fxe5 Rh1 40. Nd6+ Kb8
41. Rxb7+ Ka8 42. Rxf7 Rxg1 43. Bxg1 Nxe5 44. Rf8#
1-0

[Event "Moana Pozzi memorial"]
[Site "SchemingMind.com"]
[Date "2017.01.12"]
[Round "-"]
[White "Kenny Elliott"]
[Black "Scooter"]
[Result "0-1"]
[WhiteCountry "USA"]
[BlackCountry "USA"]
[WhiteElo "1580"]
[WhiteRD "80"]
[BlackElo "1717"]
[BlackRD "54"]
[GameID "409213"]

1. d4 Nf6 2. c4 g6 3. Nc3 Bg7 4. Bg5 O-O 5. Nf3 d6 6. g3 Bg4 7. Bg2 c6 8. Qb3 Qb6 9. Qxb6 axb6 10. O-O Nbd7
11. Rab1 e5 12. c5 Bxf3 13. Bxf3 exd4 14. Ne4 Nxe4 15. Bxe4 dxc5 16. Bf4 Rxa2 17. e3 dxe3 18. Bxe3 Rxb2 19. h4 Rxb1 20. Rxb1 Re8
21. Bg2 Bd4 22. Bh6 Re2 23. Rf1 Ne5
0-1

[Event "Moana Pozzi memorial"]
[Site "SchemingMind.com"]
[Date "2017.01.12"]
[Round "-"]
[White "Scooter"]
[Black "Kenny Elliott"]
[Result "0-1"]
[WhiteCountry "USA"]
[BlackCountry "USA"]
[WhiteElo "1717"]
[WhiteRD "54"]
[BlackElo "1580"]
[BlackRD "80"]
[GameID "409214"]

1. d4 d5 2. Nf3 Nf6 3. Bf4 Bf5 4. e3 e6 5. Bd3 Bxd3 6. Qxd3 Nbd7 7. O-O Ne4 8. Nbd2 Nxd2 9. Qxd2 Qf6 10. Ne5 O-O-O
11. Rac1 Bd6 12. Nxd7 Rxd7 13. Bxd6 Rxd6 14. c4 Rhd8 15. cxd5 Rxd5 16. Rc3 e5 17. Rfc1 c6 18. g3 exd4 19. exd4 Rxd4 20. Qe2 Rd2
21. Qg4+ Kb8 22. R3c2 Qxf2+
0-1

[Event "Moana Pozzi memorial"]
[Site "SchemingMind.com"]
[Date "2017.01.13"]
[Round "-"]
[White "Kenny Elliott"]
[Black "Transcendent"]
[Result "1-0"]
[WhiteCountry "USA"]
[BlackCountry "ENG"]
[WhiteElo "1552"]
[WhiteRD "73"]
[BlackElo "1688"]
[BlackRD "62"]
[GameID "409215"]

1. d4 Nf6 2. c4 g6 3. Bg5 Bg7 4. Nc3 O-O 5. Qb3 b6 6. e4 d6 7. Nf3 Bb7 8. Bd3 Nbd7 9. O-O c5 10. d5 Ng4
11. Nb5 h6 12. Bh4 g5 13. Bg3 Nge5 14. Nxe5 Nxe5 15. f4 Nxd3 16. Qxd3 a6 17. Nc3 Qd7 18. fxg5 Bd4+ 19. Bf2 Bxf2+ 20. Rxf2 hxg5
21. Raf1 f6 22. e5 dxe5 23. Qg6+ Kh8 24. Ne4 Qe8 25. Qh6+ Kg8 26. Nxf6+ exf6 27. Rxf6
1-0

[Event "Moana Pozzi memorial"]
[Site "SchemingMind.com"]
[Date "2017.01.12"]
[Round "-"]
[White "Transcendent"]
[Black "Kenny Elliott"]
[Result "1-0"]
[WhiteCountry "ENG"]
[BlackCountry "USA"]
[WhiteElo "1688"]
[WhiteRD "62"]
[BlackElo "1552"]
[BlackRD "73"]
[GameID "409216"]

1. e4 c5 2. Nf3 d6 3. d4 Nc6 4. Nc3 Bg4 5. Bb5 Qc7 6. d5 a6 7. Ba4 b5 8. Nxb5 axb5 9. Bxb5 Qa5+ 10. Qd2 Qb6
11. Bxc6+ Bd7 12. Bxa8 Nf6 13. e5 dxe5 14. Nxe5 Bf5 15. Bc6+ Bd7 16. Bxd7+ Nxd7 17. Nxd7 Kxd7 18. O-O g6 19. c4 Bg7 20. Rb1 Ra8
21. b3 Bd4 22. Re1 f5 23. Qg5 Qd6 24. Re6
1-0